Fr. Conceicao Rodrigues College of Engineering

Applied thermodynamics (Record no. 22595)

MARC details
000 -LEADER
fixed length control field 00236nam a2200109Ia 4500
100 ## - MAIN ENTRY--PERSONAL NAME
Personal name YADAV/R.
245 ## - TITLE STATEMENT
Title Applied thermodynamics
260 ## - PUBLICATION, DISTRIBUTION, ETC.
Name of publisher, distributor, etc. CENTRAL PUBLICATION
Place of publication, distribution, etc. Allahabad
Date of publication, distribution, etc. 2009
300 ## - PHYSICAL DESCRIPTION
Extent 996
546 ## - LANGUAGE NOTE
Language note ENGLISH
942 ## - ADDED ENTRY ELEMENTS (KOHA)
Koha item type BOOK
Holdings
Withdrawn status Lost status Damaged status Not for loan Collection Home library Current library Date acquired Total Checkouts Full call number Barcode Date last seen Price effective from Koha item type
        AFT Fr. Agnel's C.Rodrigues College of Engineering Fr. Agnel's C.Rodrigues College of Engineering 17/03/2023   AFT8102 17/03/2023   BOOK